000 00761cam a22002653a 4500
001 3286
003 PGUSA
005 20140828083030.0
008 020601s2002||||xxu|||||s|||||000 e eng d
040 _aPGUSA
_beng
042 _adc
050 4 _aDA
100 1 _aBurke, Edmund,
_d1729-1797
245 1 0 _aSelections from the Speeches and Writings of Edmund Burke
_h[electronic resource] /
_cEdmund Burke
260 _bProject Gutenberg,
_c2002
506 _aPublic domain in the USA.
516 _aElectronic text
653 _aBurke, Edmund, 1729-1797
653 _aSpeeches, addresses, etc.
653 _aEssays
653 _aPolitical science
830 0 _aProject Gutenberg
_v3286
856 4 0 _uhttp://www.gutenberg.org/ebooks/3286
942 _cEB
999 _c232615
_d232615